| 000 | 00697nam a22002777a 4500 | ||
|---|---|---|---|
| 001 | 1972 | ||
| 003 | OSt | ||
| 005 | 20260418053849.0 | ||
| 008 | 260418b |||||||| |||| 00| 0 eng d | ||
| 020 | _a9788131263969 | ||
| 028 | _bAnanada Publishers | ||
| 040 |
_aBLA _bENGLISH _cBLA |
||
| 082 |
_23rd ed. _a612.64 _bSIN/T |
||
| 100 | _aSingh, Vishram | ||
| 245 | _aTextbook of Clinical Embryology | ||
| 250 | _a3rd ed. | ||
| 260 |
_aNew Delhi _bElsevier _c2017 |
||
| 300 |
_c22cm _e1cd |
||
| 500 | _aIndex p.397-404 | ||
| 504 | _aBibliography p.373-377 | ||
| 600 | _aSing, Vishram | ||
| 610 | _2Anatomy | ||
| 630 | _aEmbryology | ||
| 700 | _asingh, Vishram | ||
| 942 |
_2ddc _cBK _e3rd ed. _n0 |
||
| 999 |
_c1972 _d1972 |
||